[Event "European zonal C"]
[Site "Vratsa BUL"]
[Date "1975.11.03"]
[Round "9"]
[White "Ree, Hans"]
[Black "Letzelter, Jean-Claude"]
[Result "1/2-1/2"]
[WhiteElo "2470"]
[BlackElo "2240"]
[EventDate "1975.10.23"]
[PlyCount "136"]

1.e4 c5 2.Nf3 e6 3.d4 cxd4 4.Nxd4 Nc6 5.Nc3 a6 6.Be2 Qc7 7.O-O Nf6 8.Kh1 
Nxd4 9.Qxd4 Bc5 10.Qd3 b5 11.Bg5 Bb7 12.Bf3 Qe5 13.Bh4 Nh5 14.Rad1 Bc6 15.
Nd5 Bd6 16.g3 Ra7 17.Nf4 Bb8 18.Nxh5 g5 19.Bxg5 Qxg5 20.Rfe1 O-O 21.Kg1 f5
22.h4 Qh6 23.e5 Be4 24.Rxe4 fxe4 25.Qxe4 Kh8 26.Nf6 d5 27.Qe2 Raf7 28.Bg2 
Qg6 29.Rd3 Bxe5 30.Nxd5 Bb8 31.Nc3 Ba7 32.Qe5+ Qf6 33.Qxf6+ Rxf6 34.Ne4 
Bxf2+ 35.Kh2 R6f7 36.Rd6 Rc7 37.c3 a5 38.Rxe6 b4 39.Re5 a4 40.cxb4 Rc2 41.
Ra5 Rxb2 42.Rxa4 Be1 43.a3 Ra2 44.Kh3 Rb2 45.Ra7 Rb3 46.Ng5 Rxg3+ 47.Kh2 
Rd3 48.Nf7+ Rxf7 49.Rxf7 Rxa3 50.b5 Rb3 51.Rb7 Bg3+ 52.Kg1 Rb1+ 53.Bf1 
Bxh4 54.Kg2 h6 55.Bd3 Rb3 56.Bc4 Rg3+ 57.Kh2 Rc3 58.Bd5 Bg3+ 59.Kg2 h5 60.
b6 h4 61.Rd7 h3+ 62.Kxh3 Bf2+ 63.Kg4 Bxb6 64.Kf5 Rc1 65.Be6 Rc7 66.Rd3 Kg7
67.Rg3+ Kf8 68.Ke5 Rc5+ 1/2-1/2

[Event "European zonal C"]
[Site "Vratsa BUL"]
[Date "1975.11.03"]
[Round "9"]
[White "Strobel, Ferdinand"]
[Black "Dueball, Jurgen"]
[Result "1/2-1/2"]
[WhiteElo "2365"]
[BlackElo "2455"]
[EventDate "1975.10.23"]
[PlyCount "43"]

1.f4 Nf6 2.Nf3 g6 3.g3 Bg7 4.Bg2 O-O 5.O-O d5 6.d3 b6 7.c4 Bb7 8.Ne5 Nbd7 
9.Nc3 e6 10.d4 c5 11.cxd5 Nxd5 12.Nxd5 exd5 13.e3 Nxe5 14.dxe5 Qd7 15.Bd2 
Rad8 16.Bc3 d4 17.exd4 Bxg2 18.Kxg2 cxd4 19.Bb4 Rfe8 20.Bd6 f6 21.Re1 fxe5
22.fxe5 1/2-1/2

[Event "European zonal C"]
[Site "Vratsa BUL"]
[Date "1975.11.03"]
[Round "9"]
[White "Wirthensohn, Heinz"]
[Black "Sigurjonsson, Gudmundur"]
[Result "1/2-1/2"]
[WhiteElo "2330"]
[BlackElo "2475"]
[EventDate "1975.10.23"]
[PlyCount "56"]

1.Nf3 Nf6 2.g3 g6 3.Bg2 Bg7 4.b3 d6 5.d4 c5 6.Bb2 cxd4 7.Nxd4 d5 8.O-O e5 
9.Nf3 e4 10.Nd4 O-O 11.Na3 Nc6 12.c4 Qa5 13.Qc1 Bg4 14.Nxc6 bxc6 15.Bc3 
Qa6 16.e3 Nd7 17.Bxg7 Kxg7 18.h3 Be6 19.Qb2+ f6 20.cxd5 cxd5 21.Nc2 Ne5 
22.Nd4 Rac8 23.Rfc1 Nd3 24.Bf1 Bxh3 25.Be2 Bg4 26.Bxd3 Qxd3 27.Qa3 Rxc1+ 
28.Rxc1 Rf7 1/2-1/2

[Event "European zonal C"]
[Site "Vratsa BUL"]
[Date "1975.11.05"]
[Round "10"]
[White "Dueball, Jurgen"]
[Black "Ree, Hans"]
[Result "1/2-1/2"]
[WhiteElo "2455"]
[BlackElo "2470"]
[EventDate "1975.10.23"]
[PlyCount "45"]

1.d4 Nf6 2.c4 e6 3.Nc3 Bb4 4.e3 b6 5.Bd3 Bb7 6.Nf3 Ne4 7.O-O f5 8.Qc2 Bxc3
9.bxc3 O-O 10.Nd2 Qh4 11.f3 Nxd2 12.Bxd2 d6 13.d5 Na6 14.dxe6 g6 15.e4 
fxe4 16.Bxe4 Bxe4 17.Qxe4 Qxe4 18.fxe4 Rxf1+ 19.Rxf1 Rf8 20.Re1 Re8 21.e5 
dxe5 22.Rxe5 Nc5 23.e7 1/2-1/2

[Event "European zonal C"]
[Site "Vratsa BUL"]
[Date "1975.11.05"]
[Round "10"]
[White "Ermenkov, Evgeny"]
[Black "Czerniak, Moshe"]
[Result "1-0"]
[WhiteElo "2430"]
[BlackElo "2390"]
[EventDate "1975.10.23"]
[PlyCount "81"]

1.e4 e6 2.d4 d5 3.Nd2 g6 4.Ngf3 c5 5.exd5 exd5 6.Bb5+ Bd7 7.Bxd7+ Nxd7 8.
O-O Bg7 9.Re1+ Ne7 10.Qe2 Bf6 11.dxc5 O-O 12.Nb3 Qc7 13.Qb5 a6 14.Bf4 axb5
15.Bxc7 Rfc8 16.Bd6 Nf5 17.Ne5 Nb6 18.cxb6 Nxd6 19.c3 b4 20.cxb4 Rc2 21.
Na5 Ne4 22.f4 Rxb2 23.a3 Bh4 24.g3 Bd8 25.Nd7 Ra6 26.Rad1 Bxb6+ 27.Nxb6 
Rxb6 28.Rxe4 dxe4 29.Nc4 R6xb4 30.axb4 Rxb4 31.Ne5 Rb2 32.f5 gxf5 33.Rf1 
f6 34.Nc4 Rc2 35.Ne3 Re2 36.Nxf5 Kf7 37.Rb1 Kg6 38.Nh4+ Kg5 39.Rxb7 Kg4 
40.Rxh7 e3 41.Rg7+ 1-0

[Event "European zonal C"]
[Site "Vratsa BUL"]
[Date "1975.11.05"]
[Round "10"]
[White "Letzelter, Jean-Claude"]
[Black "Bednarski, Jacek"]
[Result "1-0"]
[WhiteElo "2240"]
[BlackElo "2425"]
[EventDate "1975.10.23"]
[PlyCount "131"]

1.e4 c5 2.Nf3 d6 3.Nc3 a6 4.d4 cxd4 5.Nxd4 e6 6.Be2 b5 7.O-O Bb7 8.a3 Nf6 
9.Bg5 Be7 10.Bh5 O-O 11.Re1 Nbd7 12.f4 h6 13.Bh4 Nxh5 14.Bxe7 Qxe7 15.Qxh5
Qf6 16.Nde2 Nc5 17.e5 dxe5 18.fxe5 Qe7 19.Nf4 Rfd8 20.Re3 Qg5 21.Rf1 Rd2 
22.Rg3 Qxh5 23.Nxh5 g6 24.Nf6+ Kh8 25.b4 Nd7 26.Nb1 Rd4 27.c3 Rd5 28.Nxd5 
Bxd5 29.Re3 Kg7 30.Nd2 Rc8 31.Rc1 Nb6 32.Kf2 Rc7 33.g3 Ba2 34.Ne4 Nd5 35.
Re2 Bc4 36.Rd2 Rc6 37.Rd4 Kf8 38.Ra1 Bb3 39.Nc5 Bc4 40.Ne4 Bb3 41.Rc1 Ke7 
42.Nc5 Bc4 43.a4 Nb6 44.axb5 axb5 45.Ra1 Rc7 46.Ra6 Nd5 47.Ra8 f6 48.Ra6 
Nxc3 49.Rxc4 bxc4 50.Rxe6+ Kf8 51.Rxf6+ Rf7 52.Ne6+ Ke7 53.Rxf7+ Kxf7 54.
Nd4 Ke7 55.h4 Kd7 56.Kf3 Kc7 57.g4 Nd5 58.Nc2 h5 59.gxh5 gxh5 60.Ke4 Ne7 
61.Nd4 Kb6 62.e6 Kb7 63.Ke5 c3 64.Kf6 Nc6 65.Nxc6 c2 66.Na5+ 1-0

[Event "European zonal C"]
[Site "Vratsa BUL"]
[Date "1975.11.05"]
[Round "10"]
[White "Sax, Gyula"]
[Black "Strobel, Ferdinand"]
[Result "1-0"]
[WhiteElo "2510"]
[BlackElo "2365"]
[EventDate "1975.10.23"]
[PlyCount "95"]

1.e4 e6 2.d4 d5 3.Nc3 dxe4 4.Nxe4 Qd5 5.Nc3 Bb4 6.Nf3 Nf6 7.Bd3 Ne4 8.O-O 
Nxc3 9.bxc3 Bxc3 10.Rb1 Nc6 11.Be3 Bd7 12.Rb5 Qd6 13.Rxb7 Nxd4 14.Nxd4 
Bxd4 15.Bxd4 Qxd4 16.Rxc7 Qb6 17.Qf3 Qxc7 18.Qxa8+ Bc8 19.Rb1 Ke7 20.Qb8 
Qc5 21.h4 Rd8 22.Rb5 Qd4 23.Qc7+ Bd7 24.Ra5 Qxh4 25.Qc5+ Ke8 26.Rxa7 Qf4 
27.g3 Qc1+ 28.Bf1 Qd1 29.c4 h5 30.Qe5 f6 31.Qe4 Qg4 32.Qh7 h4 33.Qxh4 Qxh4
34.gxh4 Bc6 35.Rxg7 Rd4 36.Rh7 Rg4+ 37.Kh2 Rf4 38.Rc7 Be4 39.h5 Rxf2+ 40.
Kg1 Rf5 41.Be2 Ra5 42.h6 Rxa2 43.Kf2 e5 44.h7 Bxh7 45.Rxh7 e4 46.Rh5 Kf7 
47.Ke3 Kg6 48.Rh2 1-0

[Event "European zonal C"]
[Site "Vratsa BUL"]
[Date "1975.11.05"]
[Round "10"]
[White "Sigurjonsson, Gudmundur"]
[Black "Vogt, Lothar"]
[Result "1/2-1/2"]
[WhiteElo "2475"]
[BlackElo "2450"]
[EventDate "1975.10.23"]
[PlyCount "115"]

1.e4 e5 2.Nf3 Nc6 3.Bb5 a6 4.Bxc6 dxc6 5.O-O Qd6 6.d4 exd4 7.Nxd4 Bd7 8.
Be3 O-O-O 9.Qe2 Qg6 10.Nc3 Nh6 11.f3 Bd6 12.Qf2 Rhe8 13.Nde2 f5 14.Nf4 Qf7
15.Nd3 fxe4 16.Nxe4 Rxe4 17.Bxh6 Qh5 18.g3 Re7 19.Bf4 Kb8 20.Rfe1 Rde8 21.
Rxe7 Rxe7 22.Bxd6 cxd6 23.Re1 Rxe1+ 24.Nxe1 Qd5 25.a3 c5 26.Qe3 Bc6 27.Kf2
g5 28.Qd3 Qe5 29.c3 h5 30.Qe3 Qf6 31.h3 Qf5 32.Qd3 Qe6 33.Qe3 Qb3 34.Qe2 
Bb5 35.Qd2 Qc4 36.Qxd6+ Ka7 37.Qd2 Qf1+ 38.Ke3 Qxh3 39.Qd6 Qc8 40.Qe7 Qf5 
41.Qe4 Qf6 42.Kf2 Bc6 43.Qe3 b6 44.Nd3 Bb7 45.Ne5 Qf5 46.g4 hxg4 47.Nxg4 
Qc2+ 48.Qe2 Qc1 49.Ne5 a5 50.Ng4 a4 51.Qb5 Qd1 52.Ne5 Qd2+ 53.Qe2 Qf4 54.
Ng4 Qf5 55.Qe3 Qb1 56.Qe2 Qh1 57.Ne5 Qh4+ 58.Ke3 1/2-1/2

[Event "European zonal C"]
[Site "Vratsa BUL"]
[Date "1975.11.06"]
[Round "11"]
[White "Bednarski, Jacek"]
[Black "Dueball, Jurgen"]
[Result "1/2-1/2"]
[WhiteElo "2425"]
[BlackElo "2455"]
[EventDate "1975.10.23"]
[PlyCount "46"]

1.e4 c5 2.Nf3 d6 3.d4 cxd4 4.Nxd4 Nf6 5.Nc3 a6 6.Bc4 e6 7.Bb3 b5 8.O-O Be7
9.f4 O-O 10.e5 dxe5 11.fxe5 Nfd7 12.Qh5 Nc6 13.Nxc6 Qb6+ 14.Kh1 Qxc6 15.
Rf3 Bb7 16.Bf4 b4 17.Ba4 Qc7 18.Rh3 h6 19.Rg3 Bg5 20.Bxg5 Qxe5 21.Ne2 Nc5 
22.Bf6 Qxh5 23.Rxg7+ Kh8 1/2-1/2

[Event "European zonal C"]
[Site "Vratsa BUL"]
[Date "1975.11.06"]
[Round "11"]
[White "Czerniak, Moshe"]
[Black "Matanovic, Aleksandar"]
[Result "0-1"]
[WhiteElo "2390"]
[BlackElo "2490"]
[EventDate "1975.10.23"]
[PlyCount "70"]

1.e4 c5 2.b3 d6 3.Bb2 Nf6 4.Nc3 Nc6 5.Bb5 e5 6.f4 exf4 7.d4 a6 8.Bxc6+ 
bxc6 9.Nf3 Ng4 10.dxc5 dxc5 11.Qxd8+ Kxd8 12.O-O-O+ Kc7 13.Rd2 f6 14.e5 c4
15.h3 Ne3 16.exf6 gxf6 17.Ne4 Bb4 18.Re2 Bf5 19.Nc3 cxb3 20.axb3 Rhe8 21.
Na2 Be7 22.Nh4 Be4 23.Nc3 f5 24.Nxe4 fxe4 25.Be5+ Kb7 26.Bxf4 Nd5 27.Bg3 
Ba3+ 28.Kd2 e3+ 29.Ke1 Nc3 30.Rf1 Rad8 31.Rf7+ Ka8 32.Kf1 Nxe2 33.Kxe2 
Rd2+ 34.Kf3 e2 35.Kg4 Rg8+ 0-1

[Event "European zonal C"]
[Site "Vratsa BUL"]
[Date "1975.11.06"]
[Round "11"]
[White "Matulovic, Milan"]
[Black "Wirthensohn, Heinz"]
[Result "1/2-1/2"]
[WhiteElo "2530"]
[BlackElo "2330"]
[EventDate "1975.10.23"]
[PlyCount "83"]

1.e4 c5 2.Nf3 Nc6 3.d4 cxd4 4.Nxd4 Nf6 5.Nc3 e5 6.Ndb5 d6 7.Bg5 a6 8.Na3 
b5 9.Bxf6 gxf6 10.Nd5 f5 11.exf5 Bxf5 12.Bd3 e4 13.Qe2 Nd4 14.Qe3 Bg7 15.
f3 O-O 16.fxe4 Bg6 17.c3 Ne6 18.O-O Re8 19.Rae1 Nc7 20.Qf3 Nxd5 21.exd5 
Ra7 22.Nc2 Rae7 23.Rxe7 Rxe7 24.h4 Qe8 25.a3 Bh6 26.Kf2 Re5 27.Re1 Rxe1 
28.Nxe1 Bd2 29.Nc2 Qe7 30.g3 Bc1 31.b3 Qe5 32.Bxg6 hxg6 33.Qd3 Bb2 34.c4 
bxc4 35.Qxc4 g5 36.hxg5 Qf5+ 37.Ke2 Qxg5 38.Qd3 Qh5+ 39.Qf3 Qe5+ 40.Kd2 
Qg5+ 41.Ke2 Qe5+ 42.Kd2 1/2-1/2

[Event "European zonal C"]
[Site "Vratsa BUL"]
[Date "1975.11.06"]
[Round "11"]
[White "Radulov, Ivan"]
[Black "Letzelter, Jean-Claude"]
[Result "1/2-1/2"]
[WhiteElo "2510"]
[BlackElo "2240"]
[EventDate "1975.10.23"]
[PlyCount "120"]

1.e4 Nf6 2.e5 Nd5 3.Nc3 Nxc3 4.dxc3 d6 5.Nf3 dxe5 6.Qxd8+ Kxd8 7.Nxe5 Be6 
8.Be3 Nd7 9.O-O-O Kc8 10.Nd3 Bf5 11.g3 Be4 12.Rg1 Bf3 13.Rd2 e6 14.Bd4 c5 
15.Be3 Be7 16.Bh3 h5 17.Ne1 Bc6 18.Nd3 g5 19.f4 g4 20.Bg2 Bxg2 21.Rgxg2 f5
22.Rge2 Rh6 23.Rd1 Kc7 24.Red2 Rhh8 25.b4 b6 26.Nxc5 Nxc5 27.Bxc5 Bxc5 28.
Rd7+ Kc6 29.bxc5 Kxc5 30.Kb2 Kb5 31.Kb3 h4 32.c4+ Ka5 33.Re1 hxg3 34.hxg3 
Rhd8 35.Re7 Rd6 36.Re5+ Ka6 37.Kb4 Rad8 38.Re3 R8d7 39.Rxd7 Rxd7 40.Rxe6 
Rd2 41.Kb3 Rf2 42.Re3 Rf3 43.Rd3 Ka5 44.c5 bxc5 45.Kc4 Rf2 46.Rc3 Rf3 47.
Rb3 Rf2 48.c3 Rxa2 49.Kxc5 Ka4 50.Rb1 Rg2 51.Kc4 Ka3 52.Ra1+ Kb2 53.Rxa7 
Rxg3 54.Kd4 Rg1 55.Ke5 g3 56.Kxf5 g2 57.Rg7 Kxc3 58.Rg3+ Kd4 59.Kg5 Ke4 
60.f5 Rf1 1/2-1/2

[Event "European zonal C"]
[Site "Vratsa BUL"]
[Date "1975.11.06"]
[Round "11"]
[White "Ree, Hans"]
[Black "Sax, Gyula"]
[Result "1/2-1/2"]
[WhiteElo "2470"]
[BlackElo "2510"]
[EventDate "1975.10.23"]
[PlyCount "67"]

1.d4 Nf6 2.c4 g6 3.Nc3 d5 4.cxd5 Nxd5 5.e4 Nxc3 6.bxc3 Bg7 7.Bc4 O-O 8.Ne2
b6 9.h4 Nc6 10.h5 Na5 11.Bd3 e5 12.Be3 c6 13.Qd2 Re8 14.Rd1 Be6 15.dxe5 
Bxe5 16.Bd4 Qf6 17.f4 Bxd4 18.cxd4 Bg4 19.e5 Qg7 20.hxg6 fxg6 21.O-O Rad8 
22.f5 gxf5 23.Bxf5 Nc4 24.Qc2 Bxf5 25.Qxc4+ Be6 26.Qc2 Bg4 27.Rd3 Kh8 28.
Ng3 c5 29.dxc5 Qxe5 30.cxb6 Rxd3 31.Qxd3 axb6 32.Rf7 Qe3+ 33.Qxe3 Rxe3 34.
Nf5 1/2-1/2

[Event "European zonal C"]
[Site "Vratsa BUL"]
[Date "1975.11.06"]
[Round "11"]
[White "Strobel, Ferdinand"]
[Black "Ermenkov, Evgeny"]
[Result "1/2-1/2"]
[WhiteElo "2365"]
[BlackElo "2430"]
[EventDate "1975.10.23"]
[PlyCount "29"]

1.f4 Nf6 2.Nf3 g6 3.g3 Bg7 4.Bg2 O-O 5.O-O c5 6.d3 d5 7.Nc3 d4 8.Ne4 Qc7 
9.Nxf6+ Bxf6 10.e4 dxe3 11.c3 Rd8 12.Qe2 Nc6 13.Bxe3 b6 14.Rad1 Bb7 15.Qf2
1/2-1/2

[Event "European zonal C"]
[Site "Vratsa BUL"]
[Date "1975.11.07"]
[Round "12"]
[White "Dueball, Jurgen"]
[Black "Radulov, Ivan"]
[Result "1/2-1/2"]
[WhiteElo "2455"]
[BlackElo "2510"]
[EventDate "1975.10.23"]
[PlyCount "24"]

1.e4 c5 2.Nf3 Nc6 3.d4 cxd4 4.Nxd4 Nf6 5.Nc3 d6 6.f4 e6 7.Be3 Be7 8.Be2 
O-O 9.O-O e5 10.Nb3 a5 11.a4 Nb4 12.Kh1 Be6 1/2-1/2

[Event "European zonal C"]
[Site "Vratsa BUL"]
[Date "1975.11.07"]
[Round "12"]
[White "Ermenkov, Evgeny"]
[Black "Ree, Hans"]
[Result "1/2-1/2"]
[WhiteElo "2430"]
[BlackElo "2470"]
[EventDate "1975.10.23"]
[PlyCount "28"]

1.e4 c5 2.Nf3 e6 3.d4 cxd4 4.Nxd4 Nf6 5.Nc3 Nc6 6.Ndb5 d6 7.Bf4 e5 8.Bg5 
a6 9.Na3 b5 10.Nd5 Be7 11.Bxf6 Bxf6 12.c3 O-O 13.Nc2 Rb8 14.Be2 Bg5 
1/2-1/2

[Event "European zonal C"]
[Site "Vratsa BUL"]
[Date "1975.11.07"]
[Round "12"]
[White "Letzelter, Jean-Claude"]
[Black "Vogt, Lothar"]
[Result "0-1"]
[WhiteElo "2240"]
[BlackElo "2450"]
[EventDate "1975.10.23"]
[PlyCount "92"]

1.e4 g6 2.d4 Bg7 3.Nc3 c6 4.Nf3 d6 5.h3 Nf6 6.Bg5 h6 7.Be3 O-O 8.Qd2 Kh7 
9.Bd3 Nbd7 10.e5 dxe5 11.dxe5 Nd5 12.Nxd5 cxd5 13.e6 fxe6 14.h4 Rxf3 15.
gxf3 Ne5 16.Bxg6+ Nxg6 17.Qd3 Qa5+ 18.c3 Qa6 19.Qc2 h5 20.f4 Qc4 21.Rg1 
Qe4 22.Qxe4 dxe4 23.Rg5 e5 24.Rxh5+ Kg8 25.f5 Nf4 26.Rg5 Kf7 27.O-O-O b6 
28.Rd8 Bb7 29.Rd7 Ba6 30.b3 Bb5 31.Rb7 Nd5 32.Rg6 Bf6 33.Bg5 Bc6 34.Bxf6 
Bxb7 35.Bxe5 Nf6 36.Rh6 Kg7 37.Rg6+ Kf7 38.Rh6 Rg8 39.Kd2 Bc8 40.Bxf6 exf6
41.Rh7+ Rg7 42.Rh5 Kg8 43.Ke3 Rc7 44.Rh6 Kg7 45.Rg6+ Kf7 46.Kxe4 Bxf5+ 0-1

[Event "European zonal C"]
[Site "Vratsa BUL"]
[Date "1975.11.07"]
[Round "12"]
[White "Sax, Gyula"]
[Black "Bednarski, Jacek"]
[Result "1-0"]
[WhiteElo "2510"]
[BlackElo "2425"]
[EventDate "1975.10.23"]
[PlyCount "113"]

1.e4 e5 2.Nf3 Nf6 3.Nxe5 d6 4.Nf3 Nxe4 5.d4 d5 6.Bd3 Be7 7.O-O Nc6 8.Re1 
Bg4 9.c4 Nf6 10.cxd5 Nxd5 11.Nc3 O-O 12.Be4 Be6 13.a3 Bf6 14.Na4 Rb8 15.
Qd3 h6 16.Nc5 Bc8 17.Ne5 Nde7 18.Bf4 Bxe5 19.dxe5 Qxd3 20.Nxd3 Bf5 21.Bxf5
Nxf5 22.Nc5 Nfd4 23.Rac1 Ne6 24.Be3 Nxc5 25.Bxc5 Rfd8 26.b4 a6 27.f4 Rd5 
28.Bf2 Rbd8 29.Bg3 g6 30.Bh4 R8d7 31.e6 fxe6 32.Rxe6 Rd1+ 33.Rxd1 Rxd1+ 
34.Kf2 Kf7 35.f5 Rd6 36.Rxg6 Rxg6 37.fxg6+ Kxg6 38.Ke3 Ne5 39.Kd4 Nd7 40.
Kd5 Kf5 41.Bd8 c6+ 42.Kd6 Ne5 43.Bb6 Nc4+ 44.Kc7 Nxa3 45.Kxb7 Ke4 46.Kxc6 
Kd3 47.Ba5 Kc4 48.Kb6 h5 49.Kxa6 Nb5 50.g3 Nd4 51.h3 Nb5 52.g4 hxg4 53.
hxg4 Na3 54.g5 Kd5 55.b5 Nc4 56.b6 Ne5 57.b7 1-0

[Event "European zonal C"]
[Site "Vratsa BUL"]
[Date "1975.11.07"]
[Round "12"]
[White "Wirthensohn, Heinz"]
[Black "Czerniak, Moshe"]
[Result "0-1"]
[WhiteElo "2330"]
[BlackElo "2390"]
[EventDate "1975.10.23"]
[PlyCount "112"]

1.Nf3 d5 2.g3 Nf6 3.Bg2 Bf5 4.c4 c6 5.cxd5 cxd5 6.Qb3 Qd7 7.Ne5 Qc7 8.Nc3 
Nc6 9.Nxc6 bxc6 10.d3 e6 11.O-O Be7 12.Bf4 e5 13.Bd2 O-O 14.Rac1 Rab8 15.
Qc2 Qd7 16.e4 Be6 17.b3 Rfd8 18.Rcd1 dxe4 19.dxe4 Qd3 20.Qc1 Qa6 21.Na4 c5
22.Bc3 Nd7 23.f4 f6 24.Rd2 c4 25.f5 Bf7 26.Rfd1 cxb3 27.axb3 Bxb3 28.Rxd7 
Qxa4 29.Rxd8+ Bxd8 30.Re1 Bb6+ 31.Kh1 a5 32.g4 h6 33.h4 Bf2 34.Rf1 Bxh4 
35.Qd2 Bg5 36.Qd6 Rc8 37.Ra1 Qc4 38.Bxa5 Qe2 39.Qa3 Bf7 40.Qf3 Qb2 41.Rd1 
Rc2 42.Rg1 Kh7 43.Rd1 Bc4 44.Rg1 Bf4 45.Be1 Qd4 46.g5 Bxg5 47.Qh5 Rxg2 48.
Rxg2 Qxe4 49.Qg6+ Kh8 50.Bf2 Qc6 51.Kh2 Qd7 52.Rxg5 hxg5 53.Qh5+ Kg8 54.
Qf3 Bd3 55.Bc5 Qxf5 56.Qh5 Qf4+ 0-1

[Event "European zonal C"]
[Site "Vratsa BUL"]
[Date "1975.11.10"]
[Round "13"]
[White "Bednarski, Jacek"]
[Black "Ermenkov, Evgeny"]
[Result "1-0"]
[WhiteElo "2425"]
[BlackElo "2430"]
[EventDate "1975.10.23"]
[PlyCount "120"]

1.e4 c5 2.Nf3 Nc6 3.Bb5 g6 4.O-O Bg7 5.c3 Qb6 6.Na3 a6 7.Ba4 Qc7 8.d4 b5 
9.Bc2 cxd4 10.cxd4 d6 11.Be3 Bg4 12.Rc1 Qd7 13.Bb3 Nd8 14.h3 Bxf3 15.Qxf3 
e6 16.Rc2 Ne7 17.Rfc1 Rc8 18.d5 Rxc2 19.Rxc2 exd5 20.Bxd5 O-O 21.Qd1 Ne6 
22.Nb1 Rc8 23.Nc3 h5 24.Bb3 Nc5 25.Nd5 Nxd5 26.Bxd5 a5 27.b3 Qe7 28.Qf3 b4
29.Rc4 Be5 30.h4 Kg7 31.g3 Rf8 32.Bg5 f6 33.Bd2 f5 34.exf5 Qf6 35.Qe3 gxf5
36.Qf3 Qg6 37.Bg5 Re8 38.Kg2 Kh7 39.Bc6 Rf8 40.Be7 Rg8 41.Bg5 Rf8 42.Bd5 
Kh8 43.Qe2 Re8 44.Bc6 Re6 45.Qd1 Ne4 46.Bxe4 fxe4 47.Qd5 Bg7 48.Qxa5 Re8 
49.Qd5 Bc3 50.Bf4 Qg4 51.Rxe4 Rxe4 52.Qxe4 Qd1 53.Qe8+ Kg7 54.Qe7+ Kg8 55.
Qe6+ Kg7 56.Bxd6 Qc2 57.Qe7+ Kg8 58.Qe8+ Kg7 59.Bf8+ Kh7 60.Bxb4 Kh6 1-0

[Event "European zonal C"]
[Site "Vratsa BUL"]
[Date "1975.11.10"]
[Round "13"]
[White "Gheorghiu, Florin"]
[Black "Letzelter, Jean-Claude"]
[Result "1-0"]
[WhiteElo "2540"]
[BlackElo "2240"]
[EventDate "1975.10.23"]
[PlyCount "61"]

1.d4 d5 2.c4 e6 3.Nc3 Nf6 4.Nf3 c5 5.cxd5 Nxd5 6.e3 Be7 7.Bd3 cxd4 8.exd4 
Nc6 9.O-O O-O 10.a3 Bd7 11.Re1 Rc8 12.Bc2 Nxc3 13.bxc3 Na5 14.Qd3 g6 15.
Bh6 Re8 16.Ne5 Bc6 17.Qg3 Bf8 18.Bxf8 Kxf8 19.Qf4 f5 20.Qh6+ Kg8 21.Re3 
Re7 22.Nxg6 Rg7 23.Nf4 Bd5 24.Rae1 Qf8 25.Rxe6 Bxe6 26.Qxe6+ Kh8 27.Nh5 
Rxc3 28.Nxg7 Rxc2 29.Nxf5 Rc6 30.Qe5+ Rf6 31.Qxf6+ 1-0

[Event "European zonal C"]
[Site "Vratsa BUL"]
[Date "1975.11.10"]
[Round "13"]
[White "Matulovic, Milan"]
[Black "Sigurjonsson, Gudmundur"]
[Result "1/2-1/2"]
[WhiteElo "2530"]
[BlackElo "2475"]
[EventDate "1975.10.23"]
[PlyCount "48"]

1.e4 g6 2.d4 Bg7 3.Nc3 d6 4.f4 Nf6 5.Nf3 c5 6.e5 Nfd7 7.exd6 O-O 8.Be3 
exd6 9.Qd2 Nc6 10.Bb5 Qb6 11.O-O-O Nf6 12.dxc5 dxc5 13.Bxc6 Qxc6 14.Ne5 
Qc7 15.h3 Be6 16.Qf2 b6 17.Qf3 a6 18.g4 Rad8 19.f5 Bd5 20.Nxd5 Nxd5 21.
Rxd5 Rxd5 22.Qxd5 Qxe5 23.Qxe5 Bxe5 24.Rf1 Re8 1/2-1/2

[Event "European zonal C"]
[Site "Vratsa BUL"]
[Date "1975.11.10"]
[Round "13"]
[White "Radulov, Ivan"]
[Black "Sax, Gyula"]
[Result "1-0"]
[WhiteElo "2510"]
[BlackElo "2510"]
[EventDate "1975.10.23"]
[PlyCount "57"]

1.e4 c5 2.Nf3 e6 3.d4 cxd4 4.Nxd4 Nf6 5.Nc3 d6 6.g4 h6 7.h4 Be7 8.Rg1 d5 
9.exd5 Nxd5 10.Bb5+ Kf8 11.Bd2 Bxh4 12.Qe2 Bf6 13.O-O-O Bxd4 14.Nxd5 Qxd5 
15.Be3 Bxe3+ 16.Qxe3 Qxb5 17.Rd8+ Ke7 18.Rxh8 Nc6 19.g5 hxg5 20.Rxg5 Qf1+ 
21.Kd2 g6 22.Qc5+ Kd7 23.Rf8 Kc7 24.Rg3 b6 25.Rxf7+ Bd7 26.Qa3 Rd8 27.Rd3 
Kc8 28.Qd6 Nb8 29.Rc3+ 1-0

[Event "European zonal C"]
[Site "Vratsa BUL"]
[Date "1975.11.10"]
[Round "13"]
[White "Ree, Hans"]
[Black "Matanovic, Aleksandar"]
[Result "1/2-1/2"]
[WhiteElo "2470"]
[BlackElo "2490"]
[EventDate "1975.10.23"]
[PlyCount "47"]

1.d4 Nf6 2.c4 e6 3.Nc3 Bb4 4.Bg5 h6 5.Bh4 c5 6.d5 d6 7.e3 exd5 8.cxd5 Nbd7
9.Bd3 Qa5 10.Ne2 Nxd5 11.O-O Bxc3 12.bxc3 Nxc3 13.Nxc3 Qxc3 14.Be2 O-O 15.
Be7 Re8 16.Qxd6 Qe5 17.Qxe5 Nxe5 18.Bxc5 Be6 19.Rfc1 Rac8 20.f4 Bc4 21.
Bxc4 Nxc4 22.Rxc4 b6 23.Rac1 Rxc5 24.Rxc5 1/2-1/2

[Event "European zonal C"]
[Site "Vratsa BUL"]
[Date "1975.11.10"]
[Round "13"]
[White "Strobel, Ferdinand"]
[Black "Wirthensohn, Heinz"]
[Result "0-1"]
[WhiteElo "2365"]
[BlackElo "2330"]
[EventDate "1975.10.23"]
[PlyCount "60"]

1.f4 Nf6 2.Nf3 d5 3.g3 c5 4.Bg2 Nc6 5.d3 e6 6.O-O Be7 7.c3 O-O 8.h3 b5 9.
g4 a5 10.e4 Ba6 11.e5 Nd7 12.b3 Qc7 13.Be3 b4 14.c4 dxc4 15.dxc4 f6 16.
Nbd2 fxe5 17.Ng5 Bxg5 18.fxg5 Rxf1+ 19.Qxf1 Bb7 20.Ne4 Nd4 21.Bf2 Nf8 22.
Nxc5 Bxg2 23.Qxg2 Rd8 24.Ne4 Ng6 25.Ng3 Nh4 26.Qe4 Ndf3+ 27.Kh1 Nxg5 28.
Qe2 Qc6+ 29.Ne4 Nxe4 30.Bxh4 Ng3+ 0-1

[Event "European zonal C"]
[Site "Vratsa BUL"]
[Date "1975.11.10"]
[Round "13"]
[White "Vogt, Lothar"]
[Black "Dueball, Jurgen"]
[Result "1-0"]
[WhiteElo "2450"]
[BlackElo "2455"]
[EventDate "1975.10.23"]
[PlyCount "83"]

1.e4 c5 2.Nf3 d6 3.d4 cxd4 4.Nxd4 Nf6 5.Nc3 Nc6 6.Bg5 e6 7.Qd2 a6 8.O-O-O 
Bd7 9.f4 Be7 10.Nf3 b5 11.Bxf6 gxf6 12.f5 Rc8 13.Kb1 Qa5 14.fxe6 fxe6 15.
g3 O-O 16.Bh3 Rc7 17.Nd5 Qxd2 18.Nxe7+ Nxe7 19.Rxd2 Nc8 20.Rhd1 Kf7 21.e5 
d5 22.exf6 Kxf6 23.Nd4 e5 24.Bxd7 Rxd7 25.Rf2+ Ke7 26.Nc6+ Ke8 27.Rxf8+ 
Kxf8 28.Nxe5 Rd6 29.b3 Ke7 30.Kb2 b4 31.Rd4 a5 32.Rh4 Kf6 33.Nd3 Kg7 34.
Rh5 Nb6 35.Nf4 h6 36.Rf5 Kg8 37.c3 bxc3+ 38.Kxc3 a4 39.bxa4 d4+ 40.Kd3 
Nxa4 41.Rd5 Ra6 42.Kxd4 1-0

[Event "European zonal C"]
[Site "Vratsa BUL"]
[Date "1975.11.11"]
[Round "14"]
[White "Dueball, Jurgen"]
[Black "Gheorghiu, Florin"]
[Result "0-1"]
[WhiteElo "2455"]
[BlackElo "2540"]
[EventDate "1975.10.23"]
[PlyCount "65"]

1.e4 c5 2.Nf3 e6 3.d4 cxd4 4.Nxd4 a6 5.Nc3 Qc7 6.g3 d6 7.Bg2 Nf6 8.O-O Be7
9.f4 O-O 10.g4 Nc6 11.Nxc6 bxc6 12.g5 Ne8 13.f5 exf5 14.exf5 d5 15.Qe1 Rb8
16.a3 Bd6 17.Qh4 Be5 18.f6 Nd6 19.fxg7 Re8 20.g6 fxg6 21.Nxd5 cxd5 22.
Bxd5+ Be6 23.Rf8+ Rxf8 24.gxf8=Q+ Rxf8 25.Bxe6+ Kh8 26.Be3 Nf5 27.Bxf5 
gxf5 28.Re1 Rg8+ 29.Kf1 Qxc2 30.Bf2 Qd3+ 31.Re2 Bxb2 32.Be3 Bc3 33.Bf2 0-1

[Event "European zonal C"]
[Site "Vratsa BUL"]
[Date "1975.11.11"]
[Round "14"]
[White "Ermenkov, Evgeny"]
[Black "Radulov, Ivan"]
[Result "1-0"]
[WhiteElo "2430"]
[BlackElo "2510"]
[EventDate "1975.10.23"]
[PlyCount "55"]

1.e4 e5 2.Nf3 Nf6 3.Nxe5 d6 4.Nf3 Nxe4 5.d4 d5 6.Bd3 Be7 7.O-O Bg4 8.c4 
Nc6 9.Nc3 Nxc3 10.bxc3 O-O 11.Re1 dxc4 12.Bxc4 Na5 13.Bd3 c5 14.Ba3 Rc8 
15.Qe2 Be6 16.Rad1 cxd4 17.Nxd4 Bxa3 18.Nxe6 Qf6 19.Bxh7+ Kxh7 20.Qh5+ Kg8
21.Nxf8 Bxf8 22.Qxa5 g6 23.Rd3 Rc5 24.Qxa7 Rf5 25.Re8 Kg7 26.Qd4 Bc5 27.
Qxf6+ Rxf6 28.Re2 1-0

[Event "European zonal C"]
[Site "Vratsa BUL"]
[Date "1975.11.11"]
[Round "14"]
[White "Matanovic, Aleksandar"]
[Black "Bednarski, Jacek"]
[Result "1-0"]
[WhiteElo "2490"]
[BlackElo "2425"]
[EventDate "1975.10.23"]
[PlyCount "51"]

1.e4 c5 2.Nf3 e6 3.d4 cxd4 4.Nxd4 Nf6 5.Nc3 Bb4 6.e5 Nd5 7.Qg4 Kf8 8.a3 
Ba5 9.Bd2 Nxc3 10.bxc3 d6 11.exd6 Qxd6 12.Qh5 f5 13.Bb5 Nd7 14.O-O Nf6 15.
Qh4 Ne4 16.Rad1 Qe7 17.Qh3 Nxd2 18.Rxd2 Qxa3 19.Nxf5 exf5 20.Re1 Qxc3 21.
Qh5 g6 22.Qh4 Be6 23.Rxe6 Qa1+ 24.Bf1 Bxd2 25.Qe7+ Kg8 26.Rf6 1-0

[Event "European zonal C"]
[Site "Vratsa BUL"]
[Date "1975.11.11"]
[Round "14"]
[White "Matulovic, Milan"]
[Black "Czerniak, Moshe"]
[Result "1-0"]
[WhiteElo "2530"]
[BlackElo "2390"]
[EventDate "1975.10.23"]
[PlyCount "82"]

1.e4 g6 2.d4 Bg7 3.f4 d5 4.e5 Nh6 5.Nf3 O-O 6.Be3 f6 7.Nc3 c6 8.h3 b5 9.g4
fxe5 10.fxe5 Nd7 11.Bg2 Nb6 12.b3 a5 13.Qd2 Nf7 14.a4 Ba6 15.axb5 cxb5 16.
Ne2 b4 17.Nf4 Bc8 18.O-O Qc7 19.Ra2 e6 20.h4 Qe7 21.h5 g5 22.Nd3 h6 23.
Rfa1 Qc7 24.Nxb4 axb4 25.Rxa8 Nxa8 26.Rxa8 Bd7 27.Ra2 Rb8 28.Bf1 Nd8 29.
Bd3 Nf7 30.Ra1 Bb5 31.Bxb5 Rxb5 32.Qd3 Rb8 33.Bd2 Nd8 34.Ra4 Nc6 35.Kg2 
Qf7 36.Ra1 Rf8 37.Rf1 Qd7 38.Rh1 Qf7 39.Rh3 Qc7 40.Bxg5 Rxf3 41.Rxf3 hxg5 
1-0